000
00304 a2200145 4500
001
68802
020
_a
8575141031
040
_c
Anchieta - Itaigara
240
1
0
_a
Médico pra quê?
_l
por
245
1
0
_a
Médico pra quê?
300
_a
08
362
0
_a
2002
650
4
_a
Literatura infantil
942
_c
BK
999
_c
68802
_d
68802